Πώς να Καταρτίσετε Ένα Business Plan / Καταστρώστε τη Στρατηγική σας - Προβλέψτε Σωστά τα Οικονομικά Μεγέθη - Εκπονήστε Ένα Εφικτό Σχέδιο (Record no. 6262)
[ view plain ]
| 000 -LEADER | |
|---|---|
| fixed length control field | 01553cam a22002054a 4500 |
| 005 - ΗΜΕΡΟΜΗΝΙΑ ΚΑΙ ΩΡΑ ΤΕΛΕΥΤΑΙΑΣ ΕΝΗΜΕΡΩΣΗΣ | |
| Πεδίο ελέγχου | 20250605164237.0 |
| 008 - FIXED-LENGTH DATA ELEMENTS--GENERAL INFORMATION | |
| Πεδίο ελέγχου σταθερού μήκους | 250528s ||||||||||||||||||||||||d |
| 035 ## - SYSTEM CONTROL NUMBER | |
| System control number | 21194 |
| 020 ## - ISBN | |
| ISBN | 9789602001141 |
| 040 ## - ΠΗΓΗ ΚΑΤΑΛΟΓΟΓΡΑΦΗΣΗΣ | |
| Φορέας πρωτότυπης καταλογογράφησης | MC Athens Campus Library |
| Γλώσσα καταλογογράφησης | Ελληνικά, Μοντέρνα (1453-) |
| Modifying agency | MC Athens Campus Library |
| Κανόνες περιγραφικής καταλογογράφησης | AACR2 |
| 245 1# - ΤΙΤΛΟΣ ΚΑΙ ΔΗΛΩΣΗ ΥΠΕΥΘΥΝΟΤΗΤΑΣ | |
| Τίτλος | Πώς να Καταρτίσετε Ένα Business Plan / Καταστρώστε τη Στρατηγική σας - Προβλέψτε Σωστά τα Οικονομικά Μεγέθη - Εκπονήστε Ένα Εφικτό Σχέδιο |
| 250 ## - EDITION STATEMENT | |
| Edition statement | 2η |
| 260 ## - PUBLICATION, DISTRIBUTION, ETC. | |
| Name of publisher, distributor, etc. | Finch Brian |
| -- | Kogan Page Limited, |
| Date of publication, distribution, etc. | 2006 |
| 300 ## - PHYSICAL DESCRIPTION | |
| Extent | 152 |
| 520 ## - SUMMARY, ETC. | |
| Summary, etc. | Το βιβλίο αποτελεί απαραίτητη προϋπόθεση προκειμένου να αντληθούν πόροι για μια νέα επιχείρηση και να αξιολογηθούν νέες επιχειρηματικές προοπτικές. Εισαγωγή, Η Δομή του Σχεδίου, Σύνοψη, Το Ιστορικό της Επιχείρησης, Η Αγορά, Λειτουργίες, Διοίκηση Επιχειρήσεων, Η Πρόταση, Η Πρόβλεψη, Χρηματοοικονομικά Στοιχεία, Κίνδυνοι, Νομικά Ζητήματα και Εμπιστευτικότητα, Πώς να Πουλήσετε την Επιχείρηση σας, Το Εσωτερικό Επιχειρηματικό Σχέδιο, Παραρτήματα, Γλωσσάρι. |
| 700 1# - ΠΡΟΣΘΕΤΗ ΑΝΑΓΡΑΦΗ--ΦΥΣΙΚΟ ΠΡΟΣΩΠΟ | |
| Personal name | Κοροντζή Γωγώ |
| 9 (RLIN) | 7222 |
| 942 ## - ADDED ENTRY ELEMENTS (KOHA) | |
| Koha item type | Books |
| Τύπος τεκμηρίου | Βιβλιοθήκη | Τρέχουσα τοποθεσία | Barcode | Αριθμός εισαγωγής | Ημερομηνία απόκτησης | Ταξιθετικό σύμβολο | Αριθμός αντιτύπου | Κατάσταση απόσυρσης | Κατάσταση χαμένου | Κατάσταση κατεστραμμένου | Μη δανεισμός | Σύνολο δανεισμών | Ημερομηνία τελευταίας εμφάνισης | Η τιμή ισχύει από |
|---|---|---|---|---|---|---|---|---|---|---|---|---|---|---|
| Books | MC Athens Campus Library | MC Athens Campus Library | 9780000062611 | 4863 | 05/06/2025 | 658.4012 FIN | 1 | 05/06/2025 | 05/06/2025 |